000 00220nam a2200097Ia 4500
005 20251222114404.0
008 251222s1900||||xx |||||||||||||| ||spa||
082 _aDVD0070/A72/1997
245 0 _aMartín (Hache)
942 _cDVD
999 _c1777
_d1777